[Event "FICGS no engines 01 email"]
[Site "FICGS email"]
[Date "2011.11.04"]
[Round "1"]
[White "Davis, Mark"]
[Black "Harris, Ross"]
[Result "0-1"]
[WhiteElo "1372"]
[BlackElo "1458"]
[PlyCount "40"]
[EventDate "2011.??.??"]
[EventType "swiss (corr)"]
[EventRounds "1"]
[SourceTitle "Corr 2013"]
[Source "ChessBase"]
[SourceDate "2012.11.12"]
[SourceVersion "1"]
[SourceVersionDate "2012.11.12"]
[SourceQuality "1"]

1. e4 c6 2. Nf3 d5 3. exd5 cxd5 4. d4 Bg4 5. Qd3 Nc6 6. Be2 Qc7 7. 0-0 e6 8. Bg5 Bd6 9. Nc3 Bxf3 10. Bxf3 Bxh2+ 11. Kh1 Bf4 12. Bxf4 Qxf4 13. Rae1 Nge7 14. Qb5 0-0 15. a3 Nxd4 16. Qxb7 Nxf3 17. gxf3 Qxf3+ 18. Kg1 Nf5 19. Ne2 Nh4 20. Ng3 Qg2# 0-1

[Event "FICGS no engines 01 email"]
[Site "FICGS email"]
[Date "2011.11.04"]
[Round "1"]
[White "Glosery, John"]
[Black "Harris, Ross"]
[Result "0-1"]
[WhiteElo "1429"]
[BlackElo "1599"]
[PlyCount "100"]
[EventDate "2011.??.??"]
[EventType "swiss (corr)"]
[EventRounds "1"]
[SourceTitle "Corr 2013"]
[Source "ChessBase"]
[SourceDate "2012.11.12"]
[SourceVersion "1"]
[SourceVersionDate "2012.11.12"]
[SourceQuality "1"]

1. e4 c6 2. f4 d5 3. e5 Bf5 4. d4 e6 5. Bd3 Ne7 6. Nf3 Nd7 7. 0-0 c5 8. c3 Qb6 9. a4 c4 10. a5 Qc7 11. Bxf5 Nxf5 12. Qa4 a6 13. b4 cxb3 14. Qxb3 Be7 15. Na3 0-0 16. Nc2 Rfc8 17. Bd2 b6 18. axb6 Nxb6 19. Na3 Bxa3 20. Rxa3 Nc4 21. Ra4 Nxd2 22. Nxd2 Qxc3 23. Qxc3 Rxc3 24. Rfa1 Rc6 25. Nb3 Kf8 26. Nc5 Nxd4 27. Nd7+ Ke7 28. Nb8 Rxb8 29. Rxd4 Ra8 30. Rda4 f6 31. h3 Kd7 32. Kf2 Kc7 33. Ke3 Kb7 34. Kd4 Ka7 35. g4 Rb8 36. exf6 gxf6 37. f5 Rd8 38. Kd3 e5 39. Ra5 d4 40. h4 Rg8 41. Rg1 h6 42. Rg2 Rb8 43. g5 hxg5 44. hxg5 fxg5 45. Rxg5 Rc3+ 46. Ke4 Re3+ 47. Kd5 d3 48. Ra1 d2 49. Rd1 Rd8+ 50. Kc6 Rc3# 0-1

[Event "FICGS no engines 01 email"]
[Site "FICGS email"]
[Date "2011.11.04"]
[Round "1"]
[White "Harris, Ross"]
[Black "Baranek, Toni"]
[Result "1-0"]
[WhiteElo "1458"]
[BlackElo "1800"]
[PlyCount "31"]
[EventDate "2011.??.??"]
[EventType "swiss (corr)"]
[EventRounds "1"]
[SourceTitle "Corr 2013"]
[Source "ChessBase"]
[SourceDate "2012.11.12"]
[SourceVersion "1"]
[SourceVersionDate "2012.11.12"]
[SourceQuality "1"]

1. d4 Nf6 2. Nf3 e6 3. Bf4 d5 4. e3 Bd6 5. Bg3 0-0 6. Nbd2 Bxg3 7. hxg3 Nc6 8. Ne5 Nxe5 9. dxe5 Ne4 10. Qh5 h6 11. Nf3 f6 12. Qg6 Kh8 13. Bd3 f5 14. Bxe4 fxe4 15. Ng5 Kg8 16. Qh7# 1-0

[Event "FICGS no engines 01 email"]
[Site "FICGS email"]
[Date "2011.11.04"]
[Round "1"]
[White "Harris, Ross"]
[Black "Hase, Pavel"]
[Result "1-0"]
[WhiteElo "1599"]
[BlackElo "2292"]
[PlyCount "121"]
[EventDate "2011.??.??"]
[EventType "swiss (corr)"]
[EventRounds "1"]
[SourceTitle "Corr 2013"]
[Source "ChessBase"]
[SourceDate "2012.11.12"]
[SourceVersion "1"]
[SourceVersionDate "2012.11.12"]
[SourceQuality "1"]

1. d4 Nf6 2. Bf4 c5 3. e3 Qb6 4. Qc1 cxd4 5. exd4 Qxd4 6. Nf3 Qb6 7. Nc3 e6 8. Be3 Qa5 9. Bd3 a6 10. 0-0 Bc5 11. Bg5 d5 12. Bxf6 gxf6 13. Qh6 Qd8 14. Qg7 Rf8 15. Bxh7 Nc6 16. Rad1 Bd7 17. a3 Qc7 18. Qxf6 Be7 19. Qg7 0-0-0 20. Ne2 Bd6 21. Ng3 Ne5 22. Qf6 Rh8 23. Bd3 Ng4 24. Qc3 Bc6 25. b4 d4 26. Nxd4 Rxh2 27. Nxc6 Rdh8 28. Ne7+ Bxe7 29. Qxc7+ Kxc7 30. Rfe1 Bd6 31. Kf1 Nf6 32. Ne4 Nxe4 33. Bxe4 Rh1+ 34. Ke2 Rxe1+ 35. Rxe1 a5 36. bxa5 Bxa3 37. Ra1 Bc5 38. a6 bxa6 39. Rxa6 Rc8 40. g4 Kd7 41. f3 Bd6 42. Kd3 Rc5 43. c4 f5 44. gxf5 exf5 45. Bd5 f4 46. Kd4 Ke7 47. Ra7+ Rc7 48. Ra5 Bb4 49. Rb5 Bd2 50. c5 Be3+ 51. Kc4 Ra7 52. c6 Kd6 53. Be4 Ra4+ 54. Kb3 Ra7 55. Rg5 Ra1 56. Rg6+ Kc7 57. Rg7+ Kb6 58. Rb7+ Ka6 59. Bd3+ Ka5 60. c7 Rc1 61. Bf5 1-0

[Event "FICGS no engines 01 email"]
[Site "FICGS email"]
[Date "2011.11.04"]
[Round "1"]
[White "Harris, Ross"]
[Black "Martinez, Silvio"]
[Result "1-0"]
[WhiteElo "1557"]
[BlackElo "963"]
[PlyCount "119"]
[EventDate "2011.??.??"]
[EventType "swiss (corr)"]
[EventRounds "1"]
[SourceTitle "Corr 2013"]
[Source "ChessBase"]
[SourceDate "2012.11.12"]
[SourceVersion "1"]
[SourceVersionDate "2012.11.12"]
[SourceQuality "1"]

1. d4 d5 2. Nf3 Nf6 3. Bf4 Nc6 4. e3 Bf5 5. Be2 e5 6. Nxe5 Nxe5 7. Bxe5 Bd6 8. Bxd6 Qxd6 9. c4 dxc4 10. Qa4+ Nd7 11. Qxc4 0-0 12. 0-0 c6 13. Nd2 b5 14. Qb3 a5 15. Bd3 a4 16. Qc2 Bxd3 17. Qxd3 h6 18. Rfc1 Rab8 19. Ne4 Qb4 20. Qc3 Qxc3 21. Rxc3 Rbc8 22. Rac1 f5 23. Nd6 Rc7 24. Rxc6 Rxc6 25. Rxc6 Nb8 26. Rc5 b4 27. Rxf5 Rxf5 28. Nxf5 Nc6 29. Nd6 Kf8 30. Kf1 Ke7 31. Nc4 Ke6 32. Nb6 a3 33. bxa3 bxa3 34. Nc4 Nb4 35. Nxa3 Nxa2 36. Ke2 g5 37. Kf3 Nc3 38. Nc4 Kf5 39. g4+ Kf6 40. e4 Nb5 41. d5 Nd4+ 42. Ke3 Nc2+ 43. Kd2 Nd4 44. e5+ Ke7 45. Ke3 Nc2+ 46. Ke4 Nb4 47. Ne3 Na6 48. Kf5 Kf7 49. d6 Nc5 50. Nd5 Nb7 51. e6+ Ke8 52. d7+ Kd8 53. Kf6 Nd6 54. Nb4 Ne4+ 55. Kf7 Nd6+ 56. Kf8 Kc7 57. Ke7 Nb7 58. Na6+ Kb6 59. d8Q+ Nxd8 60. Kxd8 1-0

[Event "FICGS no engines 01 email"]
[Site "FICGS email"]
[Date "2011.11.04"]
[Round "1"]
[White "Harris, Ross"]
[Black "Pech, Jaroslav Sr"]
[Result "1-0"]
[WhiteElo "1557"]
[BlackElo "808"]
[PlyCount "35"]
[EventDate "2011.??.??"]
[EventType "swiss (corr)"]
[EventRounds "1"]
[SourceTitle "Corr 2013"]
[Source "ChessBase"]
[SourceDate "2012.11.12"]
[SourceVersion "1"]
[SourceVersionDate "2012.11.12"]
[SourceQuality "1"]

1. d4 f5 2. Nf3 Nf6 3. Bf4 e6 4. e3 b6 5. Bd3 Bb7 6. Nbd2 Be7 7. h3 0-0 8. g4 Nd5 9. gxf5 Nxf4 10. exf4 exf5 11. Rg1 Kh8 12. Qe2 Nc6 13. c3 Bf6 14. 0-0-0 Ne7 15. Ng5 Nd5 16. Bxf5 Nxf4 17. Qg4 Bxg5 18. Qxg5 1-0

[Event "FICGS no engines 01 email"]
[Site "FICGS email"]
[Date "2011.11.04"]
[Round "1"]
[White "Harris, Ross"]
[Black "Rodriguez, Juanjo"]
[Result "1/2-1/2"]
[WhiteElo "1599"]
[BlackElo "1800"]
[PlyCount "64"]
[EventDate "2011.??.??"]
[EventType "swiss (corr)"]
[EventRounds "1"]
[SourceTitle "Corr 2013"]
[Source "ChessBase"]
[SourceDate "2012.11.12"]
[SourceVersion "1"]
[SourceVersionDate "2012.11.12"]
[SourceQuality "1"]

1. d4 d5 2. Nf3 Nf6 3. Bf4 e6 4. e3 Bd6 5. Bg3 a6 6. Bd3 Nbd7 7. Nbd2 c5 8. c3 Be7 9. Ne5 0-0 10. 0-0 h6 11. f4 Qb6 12. Rb1 c4 13. Bc2 Qc7 14. Bh4 Nxe5 15. fxe5 Nh7 16. Qh5 Bxh4 17. Qxh4 Qd8 18. Qxd8 Rxd8 19. Rf2 Rf8 20. Rbf1 Bd7 21. h4 Be8 22. g4 b5 23. g5 hxg5 24. Bxh7+ Kxh7 25. hxg5 Rh8 26. Rh2+ Kg8 27. Rxh8+ Kxh8 28. Kg2 g6 29. Kf2 Kg7 30. Ke2 Bc6 31. Rh1 a5 32. a3 a4 1/2-1/2

[Event "FICGS no engines 01 email"]
[Site "FICGS email"]
[Date "2011.11.04"]
[Round "1"]
[White "Harris, Ross"]
[Black "Satonnet, Patrick"]
[Result "1-0"]
[WhiteElo "1599"]
[BlackElo "1490"]
[PlyCount "55"]
[EventDate "2011.??.??"]
[EventType "swiss (corr)"]
[EventRounds "1"]
[SourceTitle "Corr 2013"]
[Source "ChessBase"]
[SourceDate "2012.11.12"]
[SourceVersion "1"]
[SourceVersionDate "2012.11.12"]
[SourceQuality "1"]

1. d4 d5 2. Nf3 Nc6 3. Bf4 Nf6 4. e3 Bf5 5. c4 e6 6. c5 Be7 7. Bb5 0-0 8. Bxc6 bxc6 9. Ne5 Qe8 10. Qa4 h6 11. h3 Nd7 12. Nxc6 Bxc5 13. dxc5 Nxc5 14. Qb5 Nd3+ 15. Ke2 Nxf4+ 16. exf4 Rb8 17. Qxb8 Qxc6 18. Qb3 d4 19. f3 Qa6+ 20. Kf2 c5 21. Nd2 Qd6 22. Rhe1 Qxf4 23. Nc4 Rb8 24. Qa3 Rb4 25. b3 Bd3 26. Qc1 Qh4+ 27. Kg1 Qf6 28. Ne5 1-0

[Event "FICGS class C 000181 email"]
[Site "FICGS email"]
[Date "2011.09.11"]
[Round "1"]
[White "Hallqvist, Niklas"]
[Black "Harris, Ross"]
[Result "1-0"]
[WhiteElo "1772"]
[BlackElo "1609"]
[PlyCount "59"]
[EventDate "2011.??.??"]
[EventType "tourn (corr)"]
[EventRounds "1"]
[SourceTitle "Corr 2013"]
[Source "ChessBase"]
[SourceDate "2012.11.12"]
[SourceVersion "1"]
[SourceVersionDate "2012.11.12"]
[SourceQuality "1"]

1. c4 Nf6 2. g3 e6 3. Bg2 d5 4. d4 Nbd7 5. Nf3 c6 6. 0-0 Be7 7. Qc2 0-0 8. Nbd2 b6 9. e4 Bb7 10. e5 Ne8 11. cxd5 cxd5 12. Nb1 Rc8 13. Nc3 Nc7 14. Bd2 Ba6 15. Rfc1 Nb5 16. Qa4 Nxc3 17. Qxa6 Nb8 18. Qd3 Ne4 19. Rxc8 Qxc8 20. Rc1 Qb7 21. Be3 f6 22. Qc2 Na6 23. Bh3 f5 24. Qc6 Qxc6 25. Rxc6 Kf7 26. Bf1 Nb4 27. Rc7 Nxa2 28. Ng5+ Nxg5 29. Bxg5 Re8 30. Bb5 1-0

[Event "FICGS class C 000181 email"]
[Site "FICGS email"]
[Date "2011.09.11"]
[Round "1"]
[White "Harris, Ross"]
[Black "Burghis, Alexandru"]
[Result "1-0"]
[WhiteElo "1609"]
[BlackElo "1600"]
[PlyCount "31"]
[EventDate "2011.??.??"]
[EventType "tourn (corr)"]
[EventRounds "1"]
[SourceTitle "Corr 2013"]
[Source "ChessBase"]
[SourceDate "2012.11.12"]
[SourceVersion "1"]
[SourceVersionDate "2012.11.12"]
[SourceQuality "1"]

1. d4 Nf6 2. Nf3 g6 3. Bf4 Bg7 4. e3 c5 5. c3 b6 6. Bd3 Bb7 7. Nbd2 0-0 8. 0-0 Nc6 9. Qe2 d6 10. h3 Re8 11. Rfd1 e5 12. dxe5 dxe5 13. Bg5 h6 14. Bh4 g5 15. Bg3 e4 16. Nxe4 1-0

[Event "FICGS class C 000181 email"]
[Site "FICGS email"]
[Date "2011.09.11"]
[Round "1"]
[White "Harris, Ross"]
[Black "Faust, Dieter"]
[Result "0-1"]
[WhiteElo "1609"]
[BlackElo "1780"]
[PlyCount "40"]
[EventDate "2011.??.??"]
[EventType "tourn (corr)"]
[EventRounds "1"]
[SourceTitle "Corr 2013"]
[Source "ChessBase"]
[SourceDate "2012.11.12"]
[SourceVersion "1"]
[SourceVersionDate "2012.11.12"]
[SourceQuality "1"]

1. d4 e6 2. Nf3 Nf6 3. Bf4 b6 4. e3 Bb7 5. Nbd2 Nc6 6. c3 Nd5 7. Bg3 Be7 8. Bd3 f5 9. e4 fxe4 10. Nxe4 0-0 11. 0-0 Qe8 12. Neg5 h6 13. Nh7 Rf5 14. Bxf5 exf5 15. Qb3 Na5 16. Qc2 Qh5 17. Rae1 Kxh7 18. Bxc7 Nxc7 19. Rxe7 Bxf3 20. gxf3 Qg5+ 0-1

[Event "FICGS rapid C 000100 email"]
[Site "FICGS email"]
[Date "2011.08.14"]
[Round "1"]
[White "Harris, Ross"]
[Black "Denchev, Stanimir"]
[Result "1/2-1/2"]
[WhiteElo "1599"]
[BlackElo "1619"]
[PlyCount "53"]
[EventDate "2011.??.??"]
[EventType "tourn (rapid)"]
[EventRounds "4"]
[SourceTitle "Corr 2013"]
[Source "ChessBase"]
[SourceDate "2012.11.12"]
[SourceVersion "1"]
[SourceVersionDate "2012.11.12"]
[SourceQuality "1"]

1. d4 d5 2. Nf3 Nf6 3. Bf4 e6 4. e3 Bd6 5. Bg3 0-0 6. Bd3 c5 7. c3 Nc6 8. Nbd2 a6 9. Ne5 Bxe5 10. dxe5 Nd7 11. f4 f6 12. Bh4 Qe8 13. exf6 Nxf6 14. 0-0 Bd7 15. Qc2 Qh5 16. Nf3 Rae8 17. Bg3 Ng4 18. Rae1 e5 19. fxe5 Ncxe5 20. Nxe5 Rxf1+ 21. Bxf1 Nxe5 22. Qb3 Bc6 23. e4 c4 24. Qb6 dxe4 25. Bxe5 Qxe5 26. Bxc4+ Kh8 27. Qe3 1/2-1/2

[Event "FICGS unrated 00001 email"]
[Site "FICGS email"]
[Date "2011.07.06"]
[Round "1"]
[White "Harris, Ross"]
[Black "Chang, Henk"]
[Result "1-0"]
[WhiteElo "1599"]
[BlackElo "1457"]
[PlyCount "109"]
[EventDate "2011.??.??"]
[EventType "swiss (corr)"]
[EventRounds "1"]
[SourceTitle "Corr 2013"]
[Source "ChessBase"]
[SourceDate "2012.11.12"]
[SourceVersion "1"]
[SourceVersionDate "2012.11.12"]
[SourceQuality "1"]

1. d4 d5 2. Nf3 Nf6 3. Bf4 Bf5 4. e3 e6 5. c4 c5 6. cxd5 exd5 7. Bxb8 Rxb8 8. Qa4+ Bd7 9. Qxa7 c4 10. Ne5 Bb5 11. Nc3 Ba6 12. Nc6 bxc6 13. Qxa6 Qc7 14. g3 Bd6 15. Bg2 0-0 16. Qa4 Rxb2 17. 0-0 Qb7 18. Rab1 Rb8 19. Rxb2 Qxb2 20. Qxc6 Qxc3 21. Qxd6 Qb4 22. Qxb4 Rxb4 23. Ra1 c3 24. Rc1 Rc4 25. Kf1 Ne4 26. Bxe4 dxe4 27. Ke2 Ra4 28. Rc2 f5 29. f3 Kf7 30. fxe4 fxe4 31. g4 Ke6 32. h4 Kd5 33. Rxc3 Rxa2+ 34. Kf1 Ra1+ 35. Kf2 Ra2+ 36. Kg3 Re2 37. Rc5+ Kd6 38. Kf4 Rf2+ 39. Kxe4 Rh2 40. h5 Rh4 41. Rg5 g6 42. hxg6 hxg6 43. Rxg6+ Ke7 44. Kf5 Rh3 45. e4 Kf7 46. Ra6 Rf3+ 47. Ke5 Rg3 48. Kf4 Rg1 49. d5 Rf1+ 50. Ke5 Rg1 51. Ra7+ Kg8 52. d6 Rxg4 53. d7 Rg5+ 54. Kf6 Rh5 55. d8Q# 1-0

[Event "FICGS unrated 00001 email"]
[Site "FICGS email"]
[Date "2011.07.06"]
[Round "1"]
[White "Harris, Ross"]
[Black "Hase, Pavel"]
[Result "1-0"]
[WhiteElo "1599"]
[BlackElo "2292"]
[PlyCount "59"]
[EventDate "2011.??.??"]
[EventType "swiss (corr)"]
[EventRounds "1"]
[SourceTitle "Corr 2013"]
[Source "ChessBase"]
[SourceDate "2012.11.12"]
[SourceVersion "1"]
[SourceVersionDate "2012.11.12"]
[SourceQuality "1"]

1. d4 e6 2. Nf3 d5 3. Bf4 c5 4. e3 Nc6 5. c3 Nf6 6. Bd3 Ne4 7. Nbd2 f5 8. Ne5 g6 9. Nxc6 bxc6 10. Be5 Nf6 11. h4 Bd6 12. Nf3 0-0 13. Qa4 Bb7 14. Bxd6 Qxd6 15. Qa3 Nd7 16. h5 Kg7 17. 0-0-0 Rh8 18. hxg6 hxg6 19. Rxh8 Kxh8 20. Rh1+ Kg8 21. Ng5 Nf8 22. f4 Qe7 23. Qxc5 Qxc5 24. dxc5 a5 25. Kd2 Ba6 26. Bxa6 Rxa6 27. Kd3 Kg7 28. b3 Ra8 29. Kd4 Kf6 30. Nf3 1-0

[Event "FICGS unrated 00001 email"]
[Site "FICGS email"]
[Date "2011.07.06"]
[Round "1"]
[White "Harris, Ross"]
[Black "Polkwitzauer, Ardiantez"]
[Result "0-1"]
[WhiteElo "1458"]
[BlackElo "2000"]
[PlyCount "54"]
[EventDate "2011.??.??"]
[EventType "swiss (corr)"]
[EventRounds "1"]
[SourceTitle "Corr 2013"]
[Source "ChessBase"]
[SourceDate "2012.11.12"]
[SourceVersion "1"]
[SourceVersionDate "2012.11.12"]
[SourceQuality "1"]

1. d4 d5 2. Nf3 Nc6 3. Bf4 Bf5 4. e3 e6 5. Be2 Bd6 6. Bg3 Nf6 7. 0-0 0-0 8. c4 dxc4 9. Bxc4 h6 10. Nc3 Bxg3 11. hxg3 a6 12. a4 Qd6 13. Bd3 Bxd3 14. Qxd3 e5 15. Rfd1 Rad8 16. Qc4 exd4 17. Nxd4 Ne5 18. Qb3 c5 19. Nf5 Qc7 20. e4 c4 21. Qc2 Nd3 22. Rd2 Rfe8 23. Re2 Qc5 24. Kf1 Ng4 25. Nd5 g6 26. Nfe3 Ndxf2 27. Rxf2 Qxe3 0-1

[Event "FICGS unrated 00001 email"]
[Site "FICGS email"]
[Date "2011.07.06"]
[Round "1"]
[White "Zaunerciks, Ilmars"]
[Black "Harris, Ross"]
[Result "0-1"]
[WhiteElo "1185"]
[BlackElo "1458"]
[PlyCount "84"]
[EventDate "2011.??.??"]
[EventType "swiss (corr)"]
[EventRounds "1"]
[SourceTitle "Corr 2013"]
[Source "ChessBase"]
[SourceDate "2012.11.12"]
[SourceVersion "1"]
[SourceVersionDate "2012.11.12"]
[SourceQuality "1"]

1. e4 c6 2. d4 d5 3. Nc3 dxe4 4. Nxe4 Nf6 5. Nxf6+ exf6 6. Nf3 Bd6 7. Bc4 0-0 8. 0-0 Bg4 9. h3 Bh5 10. Re1 Nd7 11. Be3 Qc7 12. Qd2 Bxf3 13. gxf3 Nb6 14. Bb3 a5 15. c4 Bb4 16. Qd3 Bxe1 17. Rxe1 Rfe8 18. Kh1 Nd7 19. Rg1 Nf8 20. h4 Ne6 21. Bh6 g6 22. Rg4 f5 23. Rg3 Rad8 24. d5 Qe5 25. Be3 Nf4 26. Qd2 Nh5 27. Rg1 cxd5 28. cxd5 Ra8 29. Ba4 Red8 30. Rd1 Nf6 31. d6 Ne4 32. fxe4 Qxe4+ 33. Kg1 Qxa4 34. b3 Qd7 35. Bg5 Re8 36. Qd4 Re6 37. Be7 Re8 38. Bf6 Re1+ 39. Rxe1 Rxe1+ 40. Kg2 Qc6+ 41. Kh2 Rh1+ 42. Kg3 Rg1+ 0-1

[Event "FICGS class D 000171 email"]
[Site "FICGS email"]
[Date "2011.06.25"]
[Round "1"]
[White "Makosiej, Wladyslaw"]
[Black "Harris, Ross"]
[Result "0-1"]
[WhiteElo "1413"]
[BlackElo "1557"]
[PlyCount "24"]
[EventDate "2011.??.??"]
[EventType "tourn (corr)"]
[EventRounds "6"]
[SourceTitle "Corr 2013"]
[Source "ChessBase"]
[SourceDate "2012.11.12"]
[SourceVersion "1"]
[SourceVersionDate "2012.11.12"]
[SourceQuality "1"]

1. d4 d5 2. c4 e6 3. Nc3 Nf6 4. cxd5 exd5 5. Bg5 Be7 6. e3 c6 7. Qc2 Nbd7 8. Bd3 Nf8 9. Nge2 Ne6 10. Bh4 g6 11. f3 0-0 12. 0-0 b6 0-1

[Event "FICGS class D 000170 email"]
[Site "FICGS email"]
[Date "2011.05.21"]
[Round "1"]
[White "Harris, Ross"]
[Black "Freed, Markus"]
[Result "0-1"]
[WhiteElo "1557"]
[BlackElo "1464"]
[PlyCount "38"]
[EventDate "2011.??.??"]
[EventType "tourn (corr)"]
[EventRounds "6"]
[SourceTitle "Corr 2013"]
[Source "ChessBase"]
[SourceDate "2012.11.12"]
[SourceVersion "1"]
[SourceVersionDate "2012.11.12"]
[SourceQuality "1"]

1. d4 d5 2. Nf3 Nf6 3. Bf4 c5 4. e3 Nc6 5. c3 Qb6 6. Qb3 c4 7. Qxb6 axb6 8. Na3 Bf5 9. Nb5 Ra5 10. a4 Bc2 11. Nc7+ Kd7 12. Ng5 Nd8 13. Nb5 Bxa4 14. Bc7 h6 15. Rxa4 Rxa4 16. Nf3 Ra1+ 17. Ke2 Nc6 18. Ne5+ Nxe5 19. Bxe5 Ra2 0-1

[Event "FICGS rapid C 000098 email"]
[Site "FICGS email"]
[Date "2011.05.16"]
[Round "1"]
[White "Colarina, Floram"]
[Black "Harris, Ross"]
[Result "0-1"]
[WhiteElo "1592"]
[BlackElo "1557"]
[PlyCount "38"]
[EventDate "2011.??.??"]
[EventType "tourn (rapid)"]
[EventRounds "5"]
[SourceTitle "Corr 2013"]
[Source "ChessBase"]
[SourceDate "2012.11.12"]
[SourceVersion "1"]
[SourceVersionDate "2012.11.12"]
[SourceQuality "1"]

1. c4 Nf6 2. d4 e6 3. Nc3 d5 4. Nf3 Be7 5. Bf4 c6 6. cxd5 exd5 7. e4 Nxe4 8. Bd3 Nxc3 9. bxc3 Nd7 10. 0-0 0-0 11. Re1 Re8 12. Ne5 Nxe5 13. Bxe5 Be6 14. Qh5 g6 15. Qh6 Bf8 16. Qf4 Bg7 17. h4 h5 18. Rab1 Qd7 19. Re2 Bg4 0-1

[Event "FICGS rapid C 000098 email"]
[Site "FICGS email"]
[Date "2011.05.16"]
[Round "1"]
[White "Harris, Ross"]
[Black "Krakovsky, Peter"]
[Result "0-1"]
[WhiteElo "1557"]
[BlackElo "1496"]
[PlyCount "140"]
[EventDate "2011.??.??"]
[EventType "tourn (rapid)"]
[EventRounds "5"]
[SourceTitle "Corr 2013"]
[Source "ChessBase"]
[SourceDate "2012.11.12"]
[SourceVersion "1"]
[SourceVersionDate "2012.11.12"]
[SourceQuality "1"]

1. d4 d5 2. Nf3 Nf6 3. Bf4 c6 4. Nbd2 e6 5. e3 Bd6 6. Bg3 0-0 7. Bd3 Re8 8. Ne5 Nbd7 9. Nxc6 bxc6 10. Bxd6 e5 11. dxe5 Nxe5 12. Bxe5 Rxe5 13. 0-0 Bg4 14. Qc1 Qd6 15. Re1 Rae8 16. c4 d4 17. e4 Nd7 18. f3 Rh5 19. Nf1 Be6 20. Qd2 Ne5 21. b3 c5 22. Ng3 Rh4 23. Rad1 Qc7 24. Be2 Ng6 25. b4 Rd8 26. b5 f6 27. a4 Rb8 28. a5 Qd6 29. Qc2 Qc7 30. Ra1 Qd6 31. Reb1 Ne5 32. Ra3 Qd8 33. Bd3 g6 34. Ne2 Qd6 35. Ng3 Qc7 36. Qe2 Kg7 37. Qf1 Qf7 38. Rc1 Kg8 39. Be2 Qc7 40. f4 Nd7 41. f5 Bf7 42. h3 Rf4 43. Bf3 Ne5 44. a6 Qd6 45. Nh1 d3 46. Nf2 Nxf3+ 47. gxf3 Rxf3 48. Rxd3 Qg3+ 49. Kh1 Rxd3 50. Nxd3 Rd8 51. Rc3 Bxc4 52. Rxc4 Rxd3 53. Rc2 Rf3 54. Qg2 Qe1+ 55. Kh2 Qxe4 56. b6 Qf4+ 57. Kg1 Rg3 58. b7 Rxg2+ 59. Rxg2 Kf7 60. fxg6+ hxg6 61. Rc2 Qg3+ 62. Rg2 Qe1+ 63. Kh2 Qe5+ 64. Kh1 c4 65. Rc2 f5 66. Kg1 f4 67. Rxc4 f3 68. Kf2 Qe2+ 69. Kg3 Qg2+ 70. Kh4 Qh2 0-1

[Event "FICGS class D 000169 email"]
[Site "FICGS email"]
[Date "2011.05.06"]
[Round "1"]
[White "Bajkowski, Karol"]
[Black "Harris, Ross"]
[Result "0-1"]
[WhiteElo "1568"]
[BlackElo "1557"]
[PlyCount "58"]
[EventDate "2011.??.??"]
[EventType "tourn (corr)"]
[EventRounds "6"]
[SourceTitle "Corr 2013"]
[Source "ChessBase"]
[SourceDate "2012.11.12"]
[SourceVersion "1"]
[SourceVersionDate "2012.11.12"]
[SourceQuality "1"]

1. e4 c6 2. d4 d5 3. exd5 cxd5 4. Nf3 Nc6 5. Nc3 Bg4 6. Be2 Nf6 7. 0-0 e6 8. h3 Bh5 9. Ne5 Bxe2 10. Nxe2 Qb6 11. c3 Bd6 12. Bf4 Qc7 13. Re1 Nxe5 14. dxe5 Bxe5 15. Bxe5 Qxe5 16. Nd4 Qc7 17. Nb5 Qb6 18. a4 a6 19. Nd4 Qxb2 20. Rb1 Qxc3 21. Rxb7 0-0 22. Re3 Qc4 23. f4 Rab8 24. Reb3 Rxb7 25. Rxb7 Rc8 26. f5 Qc5 27. fxe6 fxe6 28. Kh1 Qd6 29. Qe2 Rc1+ 0-1